[Event "MEX-ch op 52nd "]
[Site "Mexico City"]
[Date "2006.04.11"]
[Round "1"]
[White "Anaya Miranda, Ramon Alejandro"]
[Black "Estrada Nieto, Julian"]
[Result "0-1"]
[WhiteElo "2028"]
[BlackElo "2370"]
[PlyCount "62"]
[EventDate "2006.04.11"]
[EventType "swiss"]
[EventRounds "9"]
[EventCountry "MEX"]
[SourceTitle "EXT 2007"]
[Source "ChessBase"]
[SourceDate "2006.11.23"]
[SourceVersion "1"]
[SourceVersionDate "2006.11.23"]
[SourceQuality "1"]

1. d4 d5 2. c4 dxc4 3. e3 Nf6 4. Bxc4 e6 5. Nf3 c5 6. 0-0 a6 7. a4 Nc6 8. Nc3 Qc7 9. Qe2 Bd6 10. Rd1 0-0 11. h3 b6 12. e4 cxd4 13. Nxd4 Nxd4 14. Rxd4 Be5 15. Rd1 Bb7 16. Be3 Rad8 17. Bg5 h6 18. Bxf6 Bxf6 19. Rac1 Qe5 20. Ba2 h5 21. Rxd8 Bxd8 22. Rd1 Bc7 23. g3 h4 24. Rd3 b5 25. b4 hxg3 26. fxg3 Bb6+ 27. Kh2 Re8 28. Qf3 Bd4 29. Rxd4 Qxd4 30. Ne2 Qb2 31. Qd3 bxa4 0-1